| 000 | 00880nam a22002537a 4500 | ||
|---|---|---|---|
| 005 | 20170123162325.0 | ||
| 010 | _aA-941192 | ||
| 020 | _c80.00 | ||
| 035 | _aA-941192 | ||
| 037 | _bCen Lib/Ret | ||
| 040 |
_aDPL _bUR |
||
| 082 |
_a841 _bا خ ت |
||
| 100 |
_aاختر شاہجہانپوری _9111151 |
||
| 245 |
_aدستک : _cاختر شاہجہانپوری _bشاعری مجمع / |
||
| 246 |
_aDastak : shairi majmua / _bby Akhtar Shahjahanpuri |
||
| 260 |
_aنیی دہلی _bتخلیق کار پبلیکیشنز _c1998 |
||
| 270 |
_a١٧٧٩، کوچہ دکھنی ری دریاگنج _bنیی دہلی _e110002 |
||
| 300 |
_a200p. _c21cm(Hb) |
||
| 650 |
_a ادب - اردو _9143037 |
||
| 650 |
_aاردو نظم _9143038 |
||
| 650 |
_aLiterature -- Urdu _9143039 |
||
| 650 |
_aUrdu poetry _9143040 |
||
| 942 |
_2ddc _cUR _h841 _mا خ ت |
||
| 999 |
_c107409 _d107409 |
||